000 004960000a22001930004500
003 LK-CoMWRAF
005 20230928230442.0
008 230817t ||||| |||| 00| 0 eng d
020 _a0042970261
040 _aLK-CoMWRAF
_dLK-CoMWRAF
_eLK-CoMWRAF
041 _aeng
082 _a297
_bNAS
100 _aNasr, Seyyed Hossein
245 _aIdeals and realities of Islam
260 _aLondon :
_bGeorge allen & unwin Ltd,
_c1966
300 _a 215 p. ; 22 cm.
650 _aIslam
942 _cBK
999 _c1844
_d1844